000 00396 a2200169 4500
001 170437
020 _a85-16-04588-9
040 _cMagnum
100 _aPereira, Lygia da Veiga
240 1 0 _aSequenciaram o genoma humano... e agora?
_lpor
245 1 0 _aSequenciaram o genoma humano... e agora?
300 _a95
362 0 _a2005
440 1 _aModerna
697 _aBIOLOGIA
942 _cBK
999 _c170437
_d170437